Statistics for Famous People from North Dakota

Click here to take the quiz!

General Stats

  • This quiz has been taken 285 times
  • The average score is 3 of 5

Answer Stats

ClueHometownAnswer% Correct
President who, as a young man, played cowboy in North Dakota-Theodore Roosevelt
75%
11x NBA champion coach with the Lakers and BullsWillistonPhil Jackson
68%
Slugger who hit 61 home runs in 1961FargoRoger Maris
63%
Accordion player who hosted a long-running TV variety programStrasburgLawrence Welk
51%
Author of Western novels who sold more than 320 million copiesJamestownLouis L'Amour
44%

Score Distribution

Percentile by Number Answered

Percent of People with Each Score

Your Score History

You have not taken this quiz